000 00593nam a2200205Ia 4500
005 20250326144458.0
008 250326s9999 xx 000 0 und d
020 _a978-1-4200-7853-4
037 _aTextbook
040 _aFMSL
_beng
_cFMSL
041 _aeng
_2eng
084 _aL:4 P9
_qFMSL
100 _aNash David B
_9749731
245 0 _aGoverce for health care providers:The call to leadership
_cNash David B And Others
260 _aLondon
_bLondon, CRC
_c2009
300 _axvii,339
365 _b4041.6914999999999
942 _cTB
_hL:4 P9
999 _c1303852
_d1303852